000 01287nam a22002897a 4500
005 20200104041616.0
008 120813s2011 ck abo gr 000 0dspa d
020 _a9789588343655
040 _aCO-BoIAVH
_cCO-BoIAVH
041 0 _aspa
044 _ack
082 0 4 _a574.52621
_bV335g
245 0 3 _aEl gran libro de los páramos /
_cfotografías Adolfo Correa ... [et al.] ; ilustraciones Eduard Martínez.
260 _aBogotá
_bInstituto de Investigación de Recursos Biológicos Alexander von Humboldt
_c2011.
300 _a206 p.
_bil., mapas ;
_c34 cm.
500 _aProyecto Páramo Andino. Conservación de la diversidad en el Techo de los Andes.
504 _aIncluye referencias bibliográficas.
650 4 _aPáramos
_z Colombia
_x Enseñanza primaria.
650 4 _aPáramos
_z Colombia
_x Enseñanza secundaria.
650 6 _aConservación de páramos
_z Colombia
_x Enseñanza primaria
650 4 _aConservación de páramos
_z Colombia
_x Enseñanza secundaria.
650 4 _aEcología de páramos
_z Colombia
_x Enseñanza primaria.
650 4 _aEcología de páramos
_z Colombia
_x Enseñanza secundaria.
700 1 _aCorrea, Adolfo
_efot.
700 1 _aMartínez, Eduard
_eil.
942 _2ddc
_cImpreso
_020
999 _c7351
_d7351